| 000 | 02829cam a22006734i 4500 | ||
|---|---|---|---|
| 003 | PE-LiUPU | ||
| 005 | 20250731170447.0 | ||
| 008 | 150706s2007 sp a rb 001 0 spa d | ||
| 020 | _a8433021826 | ||
| 020 | _a9788433021823 | ||
| 035 | _a(Sirsi) i9788433021823 | ||
| 040 |
_aPE-LiUPU _bspa _cPE-LiUPU _erda |
||
| 049 | _aPRUA | ||
| 082 | 0 | 4 |
_a150.1943 _bG65 _220 |
| 100 | 1 |
_aGondra, José María, _eautor. |
|
| 245 | 1 | 0 |
_aMecanismos asociativos del pensamiento : _bla "obra magna" inacabada de Clark L. Hull / _cJosé María Gondra. |
| 264 | 1 |
_aBilbao : _bDesclée de Brouwer, _c2007. |
|
| 300 |
_a471 páginas : _bilustraciones ; _c21 centímetros |
||
| 336 |
_atext _2rdacontent |
||
| 337 |
_aunmediated _2rdamedia |
||
| 338 |
_avolume _2rdacarrier |
||
| 490 | 0 |
_aBiblioteca de psicología ; _v148 |
|
| 504 | _aBibliografía: páginas 421-456. | ||
| 504 | _aÍndice: páginas 457-471. | ||
| 505 | 0 | _aOrígenes intelectuales -- La formación de conceptos -- Reflexiones en medio del "praxis" -- Razonamiento, gestalt y conductismo -- Un sistema de psicología mecanicista -- Del pensamiento al aprendizaje -- Rivalidad con Tolman -- La teoría sistemática de la conducta -- Los hábitos simbólicos del pensamiento -- Razonamiento y resolución del problemas. | |
| 526 | _aSEG68 | ||
| 526 | _aSEG70 | ||
| 526 | _aSEG69 | ||
| 526 | _aSEG67 | ||
| 526 | _aSEG43 | ||
| 526 | _aP144 | ||
| 526 | _aP143 | ||
| 526 | _aP131 | ||
| 526 | _aP122 | ||
| 526 | _aP120 | ||
| 526 | _aP117 | ||
| 526 | _aP112 | ||
| 526 | _aP110 | ||
| 526 | _aP106 | ||
| 526 | _aP101 | ||
| 526 | _aP80 | ||
| 526 | _aP59 | ||
| 526 | _aP54 | ||
| 526 | _aP35 | ||
| 526 | _aP33 | ||
| 526 | _aP30 | ||
| 541 | _g001-0030486; | ||
| 541 | _g002-00000796; | ||
| 650 | 4 | _aConductismo . | |
| 910 |
_agl _bjv _cng _d20090918 |
||
| 910 |
_adbm _brri _crri _d20190121 |
||
| 942 |
_2ddc _cBOOK |
||
| 949 |
_a159.9 G69 _wDEWEY _c1 _i60445 _d2016-10-19 _e2016-10-12 _lCCODEBUL1 _mBUL _n1 _p70.00 _r0 _sY _tBOOK _u2015-7-6 _xSALUD _PP33 _0COMPRA _o.STAFF. Colección General |
||
| 994 |
_aC0 _bPEPRU |
||
| 596 | _a1 | ||
| 999 |
_a150.1943 G65 _wDEWEY _c49900 _i60445 _d49900 _e2018-7-17 _f2019-12-9 _g4 _lDISCARD _mBUL _n2 _p70.00 _r1 _sY _tBOOK _u2015-7-6 _xSALUD _zP33 _0COMPRA _o.STAFF. Colección Ciencias de la Salud |
||
| 999 |
_a150.1943 G65 _wDEWEY _c2 _i79861 _f2021-11-3 _g4 _lCCODEBUL1 _mBUL _p200.00 _r0 _sY _tBOOK _u2019-1-21 _xSALUD _zP33 _0COMPRA _1FCOMPR2 _o.STAFF. Colección Ciencias de la Salud |
||
| 999 |
_a150.1943 G65 _wDEWEY _c3 _i79862 _f2021-11-3 _g4 _lCCODEBUL1 _mBUL _p200.00 _r0 _sY _tBOOK _u2019-1-21 _xSALUD _zP33 _0COMPRA _1FCOMPR2 _o.STAFF. Colección Ciencias de la Salud |
||
| 980 |
_81 _gALBERTO SANCHEZ Responsable de Automatización |
||